000 00285nam a2200121Ia 4500
005 20251222152019.0
008 251222s9999||||xx |||||||||||||| ||spa||
082 _a630.201.85/M61/6
245 0 _aEstadĂ­stica agraria mensual
250 _a1ra.ed.
264 _bPacĂ­fico
942 _cLIB
999 _c25194
_d25194